Метод внутреннего трения в металловедческих исследованиях: Справочник

Detalles Bibliográficos
Otros Autores: Пигузов Ю. В. (редактор), Блантер М. С. Михаил Соломонович
Lenguaje:ruso
Publicado: Москва, Металлургия, 1991
Materias:
Formato: Libro
KOHA link:https://koha.lib.tpu.ru/cgi-bin/koha/opac-detail.pl?biblionumber=57627

MARC

LEADER 00000nam0a2200000 4500
001 57627
005 20231031054353.0
010 |a 5229008024 
035 |a (RuTPU)RU\TPU\book\60840 
090 |a 57627 
100 |a 20031112d1991 k a0rusy5003 ca 
101 0 |a rus 
102 |a RU 
105 |a a g 001zy 
200 1 |a Метод внутреннего трения в металловедческих исследованиях  |e Справочник  |f [М. С. Блантер и др.]  |g Под ред. М. С. Блантера, Ю. В. Пигузова 
210 |a Москва  |c Металлургия  |d 1991 
215 |a 247,[1] с.  |c ил. 
320 |a Библиогр.: с. 218-244 (874 назв.) 
320 |a Предм. указ.: с. 245-248 
610 1 |a металлы 
610 1 |a трение внутреннее 
610 1 |a справочники 
675 |a 669:539.67(035.5)  |z rus 
702 1 |a Пигузов  |b Ю. В.  |4 340 
702 1 |a Блантер  |b М. С.  |g Михаил Соломонович 
801 0 |a RU  |b RuMRKP  |c 19950417  |g psbo 
801 1 |a RU  |b 63413507  |c 20031112  |g PSBO 
801 2 |a RU  |b 63413507  |c 20061019  |g PSBO 
942 |c BK